Statistics for Countries Blacked Out - Africa

Click here to take the quiz!

General Stats

  • This quiz has been taken 104 times
  • The average score is 16 of 17

Answers on the Map

Answers color-coded by a green-red scale on the quiz's map according to % correct below.
 

Answer Stats

Answer% Correct
Algeria
99%
Somalia
99%
Cameroon
98%
Chad
98%
Namibia
98%
Niger
98%
Nigeria
98%
South Africa
98%
Mali
97%
Mauritania
97%
Botswana
96%
Central African Republic
96%
Ethiopia
95%
Lesotho
95%
Morocco
94%
Seychelles
94%
Zimbabwe
94%

Score Distribution

Percentile by Number Answered

Percent of People with Each Score

Your Score History

You have not taken this quiz